000 00210nam a22000857a 4500
008 170220b xxu||||| |||| 00| 0 eng d
100 _92928
_aDas.A.etal.
245 _aHome Science-XII
260 _aNew Delhi
_bAPD
_c2009
999 _c6169
_d6169